[Event "POL-chT U20 2nd League"]
[Site "Sypniewo"]
[Date "2025.06.19"]
[Round "2.84"]
[White "Sekiewicz, Weronika"]
[Black "Nguyen Doan, Bao Anh Angelina"]
[Result "1/2-1/2"]
[WhiteElo "1598"]
[BlackElo "1924"]
[PlyCount "74"]
[EventDate "2025.06.18"]
[EventType "team-swiss"]
[EventRounds "9"]
[EventCountry "POL"]
[SourceTitle "CB27_2025"]
[SourceDate "2025.07.02"]
[SourceVersion "1"]
[SourceVersionDate "2025.07.02"]
[SourceQuality "1"]
[WhiteTeam "Jelenia Gora Jelonka"]
[BlackTeam "Czerwionka Leszczyny Skoczek"]
[WhiteTeamCountry "POL"]
[BlackTeamCountry "POL"]

1. e4 c6 2. d4 d5 3. e5 Bf5 4. h4 h6 5. g4 Be4 6. f3 Bh7 7. Bd3 Bxd3 8. Qxd3 e6 9. Be3 Be7 10. Bf2 Qb6 11. Qb3 Nd7 12. Nd2 c5 13. Ne2 c4 14. Qxb6 axb6 15. Nc3 Ra5 16. a4 Nb8 17. Nb5 Nc6 18. c3 Na7 19. b4 Ra6 20. Nc7+ Kd7 21. Nxa6 bxa6 22. Ke2 h5 23. Nf1 Nh6 24. Ne3 Ng8 25. g5 g6 26. Be1 Bd8 27. Bd2 Ne7 28. Rhb1 Bc7 29. b5 a5 30. Bc1 Nf5 31. Nxf5 exf5 32. Ba3 Ke6 33. Ke3 Nc8 34. Re1 Re8 35. Ra2 Kd7 36. Kf4 Re6 37. Rae2 Bb8 1/2-1/2